|
|
|
|
| LEADER |
01628nam a2200457 a 4500 |
| 001 |
nkc20091931192 |
| 003 |
CZ PrNK |
| 005 |
20090807165817.0 |
| 007 |
ta |
| 008 |
090526s2009 xr a e f 000 0 cze |
| 015 |
|
|
|a cnb001931192
|
| 020 |
|
|
|a 978-80-86502-87-8
|q (brož.)
|
| 035 |
|
|
|a (OCoLC)428369397
|
| 040 |
|
|
|a OLA001
|b cze
|d BOA001
|
| 072 |
|
7 |
|a 656.1/.5
|x Pozemní doprava
|2 Konspekt
|9 4
|
| 080 |
|
|
|a 625.7/.8
|2 MRF
|
| 080 |
|
|
|a 656.1.05-027.45
|2 MRF
|
| 080 |
|
|
|a 005.934
|2 MRF
|
| 080 |
|
|
|a (072)
|2 MRF
|
| 245 |
0 |
0 |
|a Metodika bezpečnostní inspekce pozemních komunikací
|
| 260 |
|
|
|a Brno :
|b Centrum dopravního výzkumu,
|c 2009
|
| 300 |
|
|
|a 51 s. :
|b barev. il. ;
|c 30 cm
|
| 500 |
|
|
|a Název z obálky
|
| 500 |
|
|
|a Terminologický slovník
|
| 504 |
|
|
|a Obsahuje bibliografii
|
| 550 |
|
|
|a Vydavatel: Ministerstvo dopravy
|
| 650 |
0 |
7 |
|a pozemní komunikace
|7 ph115848
|2 czenas
|
| 650 |
0 |
7 |
|a bezpečnost silničního provozu
|7 ph250799
|2 czenas
|
| 650 |
0 |
7 |
|a bezpečnostní management
|7 ph170456
|2 czenas
|
| 650 |
0 |
9 |
|a roads and highways
|2 eczenas
|
| 650 |
0 |
9 |
|a road safety
|2 eczenas
|
| 650 |
0 |
9 |
|a safety management
|2 eczenas
|
| 655 |
|
7 |
|a metodické příručky
|7 fd132826
|2 czenas
|
| 655 |
|
9 |
|a methodological manuals
|2 eczenas
|
| 710 |
1 |
|
|a Česko.
|b Ministerstvo dopravy
|7 pna2005272434
|
| 910 |
2 |
|
|a BOA001
|b 4-1224.675
|
| 990 |
|
|
|a BK
|
| 995 |
|
|
|a 01
|
| 991 |
|
|
|b 200907
|c NOV
|
| 996 |
6 |
|
|b 2610380148
|c 4-1224.675
|l MZK
|r Sklad / do 1 hodiny
|n 0
|p p.v.
|w 000942057
|u 000010
|a 1
|e BOA001
|j MZK50
|s P
|
| 996 |
7 |
|
|b 2610380149
|c 4-1224.675
|l MZK
|r Sklad / do 1 hodiny
|n 2
|p p.v.
|w 000942057
|u 000020
|a 1
|e BOA001
|j MZK50
|s A
|